banner-ar

مناهج العرفان فى علوم القران: طبق ما قرر مجلس الازهر الاعلى فى دراسة تخصص الكليات الازهرية (Record no. 59142)

MARC details
000 -الفاتح
حقل البيانات ثابتة الطول 00508nam a2200133Ia 4500
008 - عناصر البيانات ثابتة الطول - معلومات عامة
حقل البيانات ثابتة الطول 140319s9999 xx 000 0 ara d
040 ## - مصدر الفهرسة
وكالة الفهرسة الأصلية GCL /
وكالة النسخ GCL
082 04 - رقم تصنيف ديوى العشرى
رقم التصنيف 221.2
رقم المادة م م
245 10 - بيان العنوان
العنوان مناهج العرفان فى علوم القران: طبق ما قرر مجلس الازهر الاعلى فى دراسة تخصص الكليات الازهرية
300 ## - الوصف المادى
التعداد 955 ص
490 ## - بيان السلسلة
عنوان السلسلة السلسلة الشعرية الثانية
رقم المجلد/ التعيين التسلسلي 0
260 ## - PUBLICATION, DISTRIBUTION, ETC. (IMPRINT)
-- [S.N] :
-- 2000 للثقافة والنشر
Holdings
حالة التراجع حالة الفقد حالة تلف ليس للاعارة المكان المؤقت الموقع الحالى تاريخ الاكتساب اجمالي اﻻعارات رقم الطلب الباركود تاريخ اخر مشاهدة تاريخ تفعيل السعر نوع وعاء كوها
        مكتبة القاهرة الكبرى مكتبة القاهرة الكبرى 03/26/2014   221.2\م م 153393 03/26/2014 03/26/2014 كتاب
        مكتبة القاهرة الكبرى مكتبة القاهرة الكبرى 03/26/2014   221.2\م م 153394 03/26/2014 03/26/2014 كتاب

Powered By

EGPV